000 01115nam a2200241Ia 4500
999 _c38527
_d38527
001 4628
003 GE_BSU
005 20190527203530.0
008 181216s1980||||ge |||||||||||||| ||geo||
040 _cGE_BSU
041 _ageo
080 _a51(076.1) დ–92
100 _aდურგლიშვილი, ნ
_91683
245 _aუმაღლესი მათემატიკის ამოცანათა კრებული. II. ნაწ.დამხმ. სახელმძღ. /
_cნ. დურგლიშვილი ; რედ : მ.მრელაშვილი ; ზ.სუთიძე.
250 _aმეორე გადამუშ. გამ-მა.
264 _aთბილისი :
_bგანათლება,
_c1980.
300 _a268 გვ .:
_c21 სმ.
653 _aუმაღლესი მათემატიკა
653 _a მათემატიკა
700 _aმრელაშვილი, მ
_eრედაქტორი
_9640
700 _aსუთიძე, მ
_eრედაქტორი
_91684
942 _cBK
_2udc